000 01169nam2a2200217 4500
001 RU\NLR\PER_A\002594903_002480
005 20250626113857.0
035 _a(NLR Aleph) 011711259
090 _a11434636
_c11434636
100 _a20180523d2018 |||y0rusy50 ca
101 0 _arus
102 _aRU
200 1 _aПо материалам XIII Международной конференции АМPL
210 _d2018
_aБ. м.
461 0 _1001RU\NLR\INFOCOMM15\1000129989
_12001#$aОптика атмосферы и океана$eЕжемес. науч.-теорет. журн.$fРос. акад. наук$vТ. 31, № 3 (350) (темат. вып.)
_93392001
_cТомск
_d1988-
_fРос. акад. наук
_nМГП "Раско"
_oЕжемес. науч.-теорет. журн.
_tОптика атмосферы и океана
_vТ. 31, № 3 (350) (темат. вып.)
710 1 2 _a"Импульсные лазеры на переходах атомов и молекул", международная конференция
_d13
_eТомск
_f2017
_9605137
_3RU\NLR\AUTH\880471742
852 _aNLR
_jП8/1329
942 _cISSUE
980 _aNB
980 _aRUSPER